00269nam a2200121Ia 4500008004100000100000900041245003000050260002500080300000800105650001000113942000700123999001700130190216s9999||||xx |||||||||||||| ||und|| aNull 0aHindi-Sapnomse Mara Kamra bPragathi Prakashan a102 aHindi cBK c15650d15650